| 000 | 00826nam a2200241 a 4500 | ||
|---|---|---|---|
| 001 | 000025650 | ||
| 003 | DO-SdBNP | ||
| 005 | 20240626153702.0 | ||
| 008 | 110218s1967 txu r 000 0 spa d | ||
| 040 |
_aDO-SdBNP _bspa _cBNPHU |
||
| 041 | 1 | 7 |
_aspa _heng _2Código de idioma MARC |
| 049 | _aBNGR | ||
| 082 |
_aNNN _bA941t |
||
| 100 | 1 |
_aAutrey, C. E. _952385 |
|
| 240 | 1 | 0 |
_aThe Theology of evangelism. _lEspanñol. |
| 245 | 1 | 0 |
_aLa teología del evangelismo / _cC. E. Autrey ; traductor Ervin Hastey ; prefacio a la versión castellana por Samuel O. Libert. |
| 260 |
_aEl paso Texa : _bCasa Bautista de Publicacines, _c1967. |
||
| 300 |
_a125 p. ; _c19 cm. |
||
| 534 |
_aTítulo original: _tThe Theology of evangelism. |
||
| 700 | 1 |
_aHastey, Ervin _952386 |
|
| 700 | 1 |
_aLibert, Samuel O. _etr. _934284 |
|
| 942 |
_2ddc _cLBS1 |
||
| 999 |
_c25142 _d25142 |
||